000 01704nam0a2200361 4500
001 RU\NLR\bibl\70553
005 20260405123401.0
010 _a5-7442-0916-6
_9400
021 _aRU
_b1999-40505
_92001
035 _a(NLR Aleph) 000068832
090 _a378611
_c378611
100 _a20000216d1999 |||y0rusy50 ca
101 0 _arus
_deng
102 _aRU
105 _aa |||||||||
200 1 _aДепрессивный район в переходной экономике
_dDepressed areas in transitional economy
_fБ.Л. Корсунский, С.Н. Леонов
_gРос. акад. наук. Далневост. отд-ние, Ин-т экон. исслед.
_zeng
210 _aВладивосток
_cДальнаука
_d1999
215 _a175 с.,[1] л. цв. карт.
_cил.
_d20
300 _aАвт. также на англ. яз.: B.L. Korsunskiy, S.N. Leonov
300 _aРез. на англ. яз.
320 _aБиблиогр.: с. 162-174 и в подстроч. примеч.
510 0 _aDepressed areas in transitional economy
_zeng
606 0 _aДепрессивные территории
_xСанация
_yРоссийская Федерация
_92120187
_3RU\NLR\auth\661280362
686 _aУ9(2)-972(2Р)
700 1 _4070
_8rus
_7ca
_aКорсунский
_bБ. Л.
_gБорис Леонидович
_3RU\NLR\auth\7749070
_932005
701 1 _4070
_8rus
_7ca
_aЛеонов
_bС. Н.
_f1956-
_cд-р экон. наук
_gСергей Николаевич
_3RU\NLR\auth\7722372
_95431
801 0 _aRU
_bNLR
_c20000216
_gPSBO
801 1 _aRU
_bNLR
_c20000216
830 _aАвт. по кн.
852 _aNLR
_j99-3/18686
942 _cBOOK
980 _aNB